000 01036nam a22002897a 4500
005 20111202120425.0
008 111202t xxu||||| |||| 00| 0 eng d
010 _aENG-104280
020 _a9780071333733
_c485.00
020 _a0071333738
_c485.00
035 _aEN-87813
037 _bDBAD/PUB
040 _aDPL
_bEng
082 _a331.0994
100 _936352
245 _aIndustrial relations :
_cby Mark Bray ... [et al]
_ba contemporary approach /
250 _a3rd ed
260 _aNew Delhi
_bTata McGraw Hill
_c2011
270 _a7 West Patel Nagar
_bNew Delhi
_e110008
300 _axxiii,424p.
_c24cm(pbk)
500 _aincludes bibliographical references and index
650 _936353
_aIndustrial relations
_zAustralia
700 _aBray, Mark
_936394
700 _aChoudhury, Roy Purba
_936433
942 _2ddc
_cEN
_mIND
_h331.0994
999 _c58922
_d58922